01109nab a2200229 uc450000100070000000500170000700800410002403500110006503500210007604000130009704100080011010000470011824500580016552003730022365000370059665000160063370000560064970000410070577301060074694200100085299900170086218424620241120091212.0980526nuuuuuuuu spa  a184246 a(OCoLC)819762659 ccomduadb aspa10aVasquez Cedeño, Silvia4auteaut950760413aLa educacion ciudadana en la escuela primaria en Cuba3 aLa educación cívica en Cuba es aquella que posibilita la comprensión del Estado, su esencia y funciones, así como la educación del individuo como miembro activo en la realización de tales funciones. En este trabajo se analizan los rasgos fundamentales de dicha educación, así como sus fortalezas, debilidades y tareas en este país del Caribe hispano. 7aEducación cívica2lemb91630 aCuba92916210aLopez Rodriguez del Rey, Maria M.4auteaut928395910aPerez Cruz, Isabel4auteaut92839600 tRevista de Pedagogía (Caracas)gVol. 17, No. 45, Ene.-Mar. 1996, p. 89-99w138436x0798-9792067790 cARIMP c82894d82894